LEADER 01202nam0-2200397---450- 001 990009529090403321 005 20120215111718.0 010 $a978-88-568-3225-9 035 $a000952909 035 $aFED01000952909 035 $a(Aleph)000952909FED01 035 $a000952909 100 $a20120215d2010----km-y0itay50------ba 101 0 $aita 102 $aIT 105 $a--------001cy 200 1 $aCreatività tecnologie brand$eil futuro del marketing e della comunicazione$fa cura di Sergio Cherubini, Simonetta Pattuglia 210 $aMilano$cFrancoAngeli$d©2010 215 $a175 p.$cfig.$d23 cm 225 1 $a<>cultura della comunicazione$v44 320 $aContiene riferimenti bibl. 610 0 $aComunicazione 610 0 $aMarketing 610 0 $aOrganizzazione$aGestione della comunicazione 610 0 $aPubblicità 676 $a302.2$v22$zita 676 $a659.1$v22$zita 702 1$aCherubini,$bSergio$f<1942- > 702 1$aPattuglia,$bSimonetta 801 0$aIT$bUNINA$gRICA$2UNIMARC 901 $aBK 912 $a990009529090403321 952 $a302.2 CHE 1$b5111$fBFS 959 $aBFS 996 $aCreatività tecnologie brand$9855680 997 $aUNINA LEADER 01177nam 2200409 450 001 9910796828303321 005 20230814222523.0 010 $a80-246-3646-8 035 $a(CKB)4100000004822007 035 $a(MiAaPQ)EBC5402057 035 $a(Au-PeEL)EBL5402057 035 $a(CaPaEBR)ebr11565271 035 $a(OCoLC)1038491809 035 $a(EXLCZ)994100000004822007 100 $a20180802d2018 uy 0 101 0 $acze 135 $aurcnu|||||||| 181 $ctxt$2rdacontent 182 $cc$2rdamedia 183 $acr$2rdacarrier 200 10$aKvantova? Mechanika II /$fJan Kli?ma, B. Velicky? 210 1$aPraha :$cUniverzita Karlova, Nakladatelstvi? Karolinum,$d[2018] 210 4$d©2018 215 $a1 online resource (373 pages) 311 $a80-246-3623-9 606 $aQuantum theory$xStatistical methods 615 0$aQuantum theory$xStatistical methods. 676 $a530.12015195 700 $aKli?ma$b Jan$01493654 702 $aVelicky?$b B. 801 0$bMiAaPQ 801 1$bMiAaPQ 801 2$bMiAaPQ 906 $aBOOK 912 $a9910796828303321 996 $aKvantova? Mechanika II$93789981 997 $aUNINA